Aloes and other lilies of Ethiopia and Eritrea / (Record no. 14418)

MARC details
000 -LEADER
fixed length control field 01274cam a2200361 i 4500
001 - CONTROL NUMBER
control field 16836124
003 - CONTROL NUMBER IDENTIFIER
control field OSt
005 - DATE AND TIME OF LATEST TRANSACTION
control field 20211022144209.0
008 - FIXED-LENGTH DATA ELEMENTS--GENERAL INFORMATION
fixed length control field 110621t20102010et ab b 001 0 eng
010 ## - LIBRARY OF CONGRESS CONTROL NUMBER
LC control number 2011342850
020 ## - INTERNATIONAL STANDARD BOOK NUMBER
International Standard Book Number 9789994400423
020 ## - INTERNATIONAL STANDARD BOOK NUMBER
International Standard Book Number 9994400428
035 ## - SYSTEM CONTROL NUMBER
System control number (OCoLC)ocn722920884
040 ## - CATALOGING SOURCE
Original cataloging agency STF
Language of cataloging eng
Transcribing agency hu
Description conventions rda
Modifying agency DLC
042 ## - AUTHENTICATION CODE
Authentication code pcc
-- lcode
043 ## - GEOGRAPHIC AREA CODE
Geographic area code f-et---
-- f-ea---
050 00 - LIBRARY OF CONGRESS CALL NUMBER
Classification number QK495.A835
Item number S43 2010
082 ## - DEWEY DECIMAL CLASSIFICATION NUMBER
Classification number 584/.32/096
100 0# - MAIN ENTRY--PERSONAL NAME
Personal name Sebsebe Demissew.
9 (RLIN) 12080
245 10 - TITLE STATEMENT
Title Aloes and other lilies of Ethiopia and Eritrea /
Statement of responsibility, etc. Sebsebe Demissew, Inger Nordal.
250 ## - EDITION STATEMENT
Edition statement 2nd ed.
260 ## - PUBLICATION, DISTRIBUTION, ETC.
Place of publication, distribution, etc. Addis Ababa, Ethiopia :
Name of publisher, distributor, etc. Shama Books,
Date of publication, distribution, etc. 2010.
300 ## - PHYSICAL DESCRIPTION
Extent 351 p. :
Other physical details col. ill., col. maps ;
Dimensions 21 cm.
504 ## - BIBLIOGRAPHY, ETC. NOTE
Bibliography, etc. note Includes bibliographical references (pages 334-337) and index.
650 #0 - SUBJECT ADDED ENTRY--TOPICAL TERM
Topical term or geographic name entry element Aloe
Geographic subdivision Ethiopia
Form subdivision Identification.
9 (RLIN) 12082
650 #0 - SUBJECT ADDED ENTRY--TOPICAL TERM
Topical term or geographic name entry element Aloe
Geographic subdivision Eritrea
Form subdivision Identification.
9 (RLIN) 12083
650 #0 - SUBJECT ADDED ENTRY--TOPICAL TERM
Topical term or geographic name entry element Lilies
Geographic subdivision Ethiopia
Form subdivision Pictorial works.
9 (RLIN) 12084
650 #0 - SUBJECT ADDED ENTRY--TOPICAL TERM
Topical term or geographic name entry element Lilies
Geographic subdivision Eritrea
Form subdivision Pictorial works.
9 (RLIN) 12085
700 1# - ADDED ENTRY--PERSONAL NAME
Personal name Nordal, Inger.
9 (RLIN) 12086
906 ## - LOCAL DATA ELEMENT F, LDF (RLIN)
a 7
b cbc
c pccadap
d 3
e ncip
f 20
g y-gencatlg
942 ## - ADDED ENTRY ELEMENTS (KOHA)
Source of classification or shelving scheme Dewey Decimal Classification
Koha item type Books like text book referance book
Suppress in OPAC No
Holdings
Withdrawn status Lost status Source of classification or shelving scheme Damaged status Not for loan Collection code Home library Current library Shelving location Date acquired Total Checkouts Full call number Barcode Date last seen Copy number Price effective from Koha item type
    Dewey Decimal Classification     Non-fiction Wondo Genet Library Wondo Genet Library General Stacks 10/22/2021   584/.32/0963 SEB 2010 WGCFNRL00005739 10/22/2021 1 10/22/2021 Books like text book referance book
    Dewey Decimal Classification     Non-fiction Wondo Genet Library Wondo Genet Library General Stacks 10/22/2021   584/.32/0963 SEB 2010 WGCFNRL00005740 10/22/2021 2 10/22/2021 Books like text book referance book